Italian Regions by HDI - Statistics

General Stats
  • This quiz has been taken 44 times
    18 since last reset
  • The average score is 16 of 19
Answer Stats
HDI Region % Correct
0.938 Lazio
100%
0.936 Lombardy
100%
0.908 Aosta Valley
88%
0.867 Calabria
88%
0.876 Campania
88%
0.943 Emilia-Romagna
88%
0.938 Friuli-Venezia Giulia
88%
0.921 Liguria
88%
0.923 Marche
88%
0.894 Molise
88%
0.887 Sardinia
88%
0.868 Sicily
88%
0.930 Tuscany
88%
0.922 Veneto
88%
0.909 Abruzzo
75%
0.878 Apulia
75%
0.888 Basilicata
75%
0.920 Piedmont
75%
0.917 Umbria
63%
No matching quizzes found
Score Distribution
Percent of People with Each Score
Percentile by Number Answered
Your Score History
You have not taken this quiz since the last reset